|
|
|
|
| LEADER |
01130nam a2200301 a 4500 |
| 001 |
27456 |
| 003 |
BD-DhAAL |
| 005 |
20130901130232.0 |
| 008 |
130901t20051995enka b 001 0 eng |
| 010 |
|
|
|a 94037293
|
| 020 |
|
|
|a 0415106893 (pbk.)
|
| 020 |
|
|
|a 0415106885
|
| 040 |
|
|
|a DLC
|c DLC
|d DLC
|d BD-DhAAL
|
| 050 |
0 |
0 |
|a HB820
|b .A25 1995
|
| 082 |
0 |
0 |
|a 339.4/7
|2 20
|
| 999 |
|
|
|c 13913
|d 13913
|
| 999 |
|
|
|c 13913
|
| 245 |
0 |
0 |
|a Acknowledging consumption :
|b a review of new studies /
|c edited by Daniel Miller.
|
| 260 |
|
|
|a London ;
|a New York :
|b Routledge,
|c 1995. [Printing 2005]
|
| 300 |
|
|
|a vii, 341 p. :
|b ill. ;
|c 24 cm.
|
| 440 |
|
0 |
|a Material cultures
|9 2872
|
| 504 |
|
|
|a Includes bibliographical references and index.
|
| 541 |
|
|
|e 27456
|
| 650 |
|
0 |
|a Consumption (Economics)
|9 2870
|
| 700 |
1 |
|
|a Miller, Daniel,
|d 1954-
|9 2869
|
| 856 |
4 |
2 |
|3 Publisher description
|u http://www.loc.gov/catdir/enhancements/fy0648/94037293-d.html
|
| 942 |
|
|
|2 ddc
|c BK
|
| 952 |
|
|
|0 0
|1 0
|2 ddc
|4 0
|6 339_470000000000000_ACK
|7 0
|9 23284
|a BRACUL
|b BRACUL
|c GEN
|d 2013-09-01
|e Karim International
|g 3370.00
|l 0
|o 339.47 ACK
|p 3010027456
|r 2013-09-01
|t 1
|w 2013-09-01
|y BK
|